Central Library OPAC University of Rajshahi

সাম্প্রদায়িকতা / (Record no. 46863)

MARC details
000 -LEADER
fixed length control field 00841nam a2200229 a 4500
001 - CONTROL NUMBER
control field 46863
003 - CONTROL NUMBER IDENTIFIER
rucl marc code BD-RjUL
005 - DATE AND TIME OF LATEST TRANSACTION
control field 20211209054223.0
008 - FIXED-LENGTH DATA ELEMENTS--GENERAL INFORMATION
fixed length control field 160804s1966 B ||||| b||| 00| 0 ben d
020 ## - INTERNATIONAL STANDARD BOOK NUMBER
Terms of availability : TK 2.75
035 ## - SYSTEM CONTROL NUMBER
System control number (BD-RjUL)46982
040 ## - CATALOGING SOURCE
Original cataloging agency BD-RjUL
Language of cataloging ben
Transcribing agency BD-RjUL
041 ## - LANGUAGE CODE
Language code of text/sound track or separate title ben
082 ## - DEWEY DECIMAL CLASSIFICATION NUMBER
Edition number 23
Classification number 305.800954
Author mark and year UMS 1966
100 1# - MAIN ENTRY--PERSONAL NAME
Personal name উমর, বদরুদ্দীন
9 (RLIN) 116667
245 10 - TITLE STATEMENT
Title সাম্প্রদায়িকতা /
Statement of responsibility, etc. বদরুদ্দীন উমর
260 ## - PUBLICATION, DISTRIBUTION, ETC. (IMPRINT)
Place of publication, distribution, etc. ঢাকা :
Name of publisher, distributor, etc. জনমৈত্রী পাবলীকেশনস লিমিটেড,
Date of publication, distribution, etc. ১৯৬৬
300 ## - PHYSICAL DESCRIPTION
Pagination ৭৩ পৃ ;
Size ২১ সেমি.
650 ## - SUBJECT ADDED ENTRY--TOPICAL TERM
Topical term or geographic name as entry element ধর্ম ও রাজনীতি -
Geographic subdivision ভারত
9 (RLIN) 142771
Topical term or geographic name as entry element Religion and politics --
Geographic subdivision India
9 (RLIN) 142772
942 ## - ADDED ENTRY ELEMENTS (KOHA)
Source of classification or shelving scheme Dewey Decimal Classification
Koha item type Books
Holdings
Lost status Source of classification or shelving scheme Damaged status Not for loan Collection code Permanent Location Current Location Shelving location Date acquired Source of acquisition Cost, normal purchase price Total Checkouts Full call number Date last seen Copy number Koha item type
  Dewey Decimal Classification     Non-fiction Central Library, University of Rajshahi Central Library, University of Rajshahi   16/05/1966 Author 20.00   B 305.800954 UMS 1966 04/08/2016 C-2 Books
  Dewey Decimal Classification     Non-fiction Central Library, University of Rajshahi Central Library, University of Rajshahi   16/05/1966 Author 20.00   B 305.800954 UMS 1966 04/08/2016 C-3 Books
  Dewey Decimal Classification     Non-fiction Central Library, University of Rajshahi Central Library, University of Rajshahi   16/05/1966 Author 20.00   B 305.800954 UMS 1966 04/08/2016 C-4 Books
  Dewey Decimal Classification     Non-fiction Central Library, University of Rajshahi Central Library, University of Rajshahi   16/09/1968 Author     B 305.800954 UMS 1966 06/08/2016 C-5 Books
  Dewey Decimal Classification     Non-fiction Central Library, University of Rajshahi Central Library, University of Rajshahi   10/06/1967 Prantik, Rajshahi. 3.00   B 305.800954 UMS 1966 07/08/2016 C-6 Books
  Dewey Decimal Classification     Non-fiction Central Library, University of Rajshahi Central Library, University of Rajshahi   10/06/1967 Prantik, Rajshahi 3.00   B 305.800954 UMS 1966 07/08/2016 C-7 Books
  Dewey Decimal Classification     Non-fiction Central Library, University of Rajshahi Central Library, University of Rajshahi   15/08/1973 Indian Govt. 0.00   B 305.800954 UMS 1966 08/08/2016 C-8 Books
  Dewey Decimal Classification     Non-fiction Central Library, University of Rajshahi Central Library, University of Rajshahi   16/05/1966 Author 20.00   B 305.800954 UMS 1966 08/08/2016 C-9 Books
  Dewey Decimal Classification   Not For Loan Non-fiction Central Library, University of Rajshahi Central Library, University of Rajshahi Reading Room 20/12/1966   3.00   B 305.800954 UMS 1966 02/01/2018 C-1 Books